|
|
|
|
| LEADER |
03343nam a2200553 4500 |
| 001 |
978-3-319-74878-8 |
| 003 |
DE-He213 |
| 005 |
20191028072536.0 |
| 007 |
cr nn 008mamaa |
| 008 |
180404s2018 gw | s |||| 0|eng d |
| 020 |
|
|
|a 9783319748788
|9 978-3-319-74878-8
|
| 024 |
7 |
|
|a 10.1007/978-3-319-74878-8
|2 doi
|
| 040 |
|
|
|d GrThAP
|
| 050 |
|
4 |
|a QC770-798
|
| 050 |
|
4 |
|a QC702.7.H42
|
| 072 |
|
7 |
|a PHM
|2 bicssc
|
| 072 |
|
7 |
|a SCI051000
|2 bisacsh
|
| 072 |
|
7 |
|a PHM
|2 thema
|
| 082 |
0 |
4 |
|a 539.7092
|2 23
|
| 245 |
1 |
4 |
|a The Euroschool on Exotic Beams - Vol. 5
|h [electronic resource] /
|c edited by Christoph Scheidenberger, Marek Pfützner.
|
| 250 |
|
|
|a 1st ed. 2018.
|
| 264 |
|
1 |
|a Cham :
|b Springer International Publishing :
|b Imprint: Springer,
|c 2018.
|
| 300 |
|
|
|a XII, 292 p. 158 illus., 106 illus. in color.
|b online resource.
|
| 336 |
|
|
|a text
|b txt
|2 rdacontent
|
| 337 |
|
|
|a computer
|b c
|2 rdamedia
|
| 338 |
|
|
|a online resource
|b cr
|2 rdacarrier
|
| 347 |
|
|
|a text file
|b PDF
|2 rda
|
| 490 |
1 |
|
|a Lecture Notes in Physics,
|x 0075-8450 ;
|v 948
|
| 505 |
0 |
|
|a Preface -- Applications of 14C, the most versatile radionuclide to explore our world (Walter Kutschera) -- Nuclear structure probed by strong, weak and electro-magnetic interactions (Yoshitaka Fujita) -- Alpha decay and beta-delayed fission: tools for nuclear physics studies (Andrei Andreyev and Piet Van Duppen) -- Giant Resonances: Fundamental modes and probes of nuclear properties (Muhsin N. Harakeh) -- Hypernuclear spectroscopy and hypernuclear physics with heavy ion beams and fixed targets (Takehiko Saito) -- Nuclear Structure and Reactions in Fermionic Molecular Dynamics (Thomas Neff) -- Laser-ion acceleration (Peter G. Thirolf).
|
| 520 |
|
|
|a This is the fifth volume in a series of Lecture Notes based on the highly successful Euro Summer School on Exotic Beams. The aim of these notes is to provide a thorough introduction to radioactive ion-beam physics at the level of graduate students and young postdocs starting out in the field. Each volume covers a range of topics from nuclear theory to experiment and applications. Vol I has been published as LNP 651, Vol II as LNP 700, Vol. III as LNP 764 and Vol. IV as LNP 879.
|
| 650 |
|
0 |
|a Nuclear physics.
|
| 650 |
|
0 |
|a Heavy ions.
|
| 650 |
|
0 |
|a Particle acceleration.
|
| 650 |
|
0 |
|a Spectroscopy.
|
| 650 |
|
0 |
|a Microscopy.
|
| 650 |
1 |
4 |
|a Nuclear Physics, Heavy Ions, Hadrons.
|0 http://scigraph.springernature.com/things/product-market-codes/P23010
|
| 650 |
2 |
4 |
|a Particle Acceleration and Detection, Beam Physics.
|0 http://scigraph.springernature.com/things/product-market-codes/P23037
|
| 650 |
2 |
4 |
|a Spectroscopy and Microscopy.
|0 http://scigraph.springernature.com/things/product-market-codes/P31090
|
| 700 |
1 |
|
|a Scheidenberger, Christoph.
|e editor.
|4 edt
|4 http://id.loc.gov/vocabulary/relators/edt
|
| 700 |
1 |
|
|a Pfützner, Marek.
|e editor.
|4 edt
|4 http://id.loc.gov/vocabulary/relators/edt
|
| 710 |
2 |
|
|a SpringerLink (Online service)
|
| 773 |
0 |
|
|t Springer eBooks
|
| 776 |
0 |
8 |
|i Printed edition:
|z 9783319748771
|
| 776 |
0 |
8 |
|i Printed edition:
|z 9783319748795
|
| 830 |
|
0 |
|a Lecture Notes in Physics,
|x 0075-8450 ;
|v 948
|
| 856 |
4 |
0 |
|u https://doi.org/10.1007/978-3-319-74878-8
|z Full Text via HEAL-Link
|
| 912 |
|
|
|a ZDB-2-PHA
|
| 912 |
|
|
|a ZDB-2-LNP
|
| 950 |
|
|
|a Physics and Astronomy (Springer-11651)
|